000 00989 a2200253 4500
999 _c5447
_d5447
020 _a9781446256176
050 0 0 _aR 850 SID 2015
100 1 _aSidani, Souraya
_eAuthor
245 1 0 _aHealth intervention research:
_bunderstanding research design & methods /
_cSouraya Sidani
264 1 _aLondon:
_aThousand Oaks, California:
_bSAGE Publications Ltd,
_c2015
300 _axiii, 247p. :
_bill.
500 _aIncludes bibliographical references (pages 212-241) and index.
504 _aIncludes bibliographical references (pages 212-241) and index.
650 0 _aMedicine
_xResearch
_xMethodology.
650 0 _aClinical trials.
650 1 2 _aResearch Design.
650 2 2 _aClinical Trials as Topic.
650 7 _aClinical trials.
650 7 _aMedicine
_xResearch
_xMethodology.
650 7 _aMedicin
_xmetodik.
942 _2lcc
_cBK
_h850
_iSID
_kR